| 000 | 00759nam a2200217 i 4500 | ||
|---|---|---|---|
| 001 | 180713 | ||
| 003 | ES-MaACL | ||
| 005 | 20250902113854.0 | ||
| 007 | t| | ||
| 008 | 120629s1864 sp ||||1| spa d | ||
| 080 | _a72.0071.1(460)(058.7) | ||
| 245 | 0 | 0 |
_aArquitectos residentes o avecinados en Madrid : _blista publicada por la Sociedad Central, año 1864. |
| 260 |
_a[Madrid : _bs.n. 1864] |
||
| 300 |
_a13 p. ; _c21 cm. |
||
| 594 | _aEn anteportada: Sociedad Central de Arquitectos, Madrid 1864. | ||
| 594 | _aEjemp. sin portada; título y datos deducidos del contenido. | ||
| 650 | 4 |
_aArquitectos- _zMadrid- _vDirectorios. _9155957 |
|
| 710 | 2 |
_aSociedad Central de Arquitectos _9134871 |
|
| 852 | 4 |
_aES-MaACL _jT-81-F-9 |
|
| 999 |
_c180713 _d180713 |
||